Logo Biblioteca

Cosmética del enemigo / (Registro nro. 2)

Detalles MARC
000 -LEADER
fixed length control field 00581nam a22002057a 4500
003 - CONTROL NUMBER IDENTIFIER
control field OSt
005 - DATE AND TIME OF LATEST TRANSACTION
control field 20240610112719.0
008 - FIXED-LENGTH DATA ELEMENTS--GENERAL INFORMATION
fixed length control field 230621s2017 sp ||||| |||| 00| 1 spa d
020 ## - INTERNATIONAL STANDARD BOOK NUMBER
International Standard Book Number 9788433977748
040 ## - CATALOGING SOURCE
Transcribing agency ESOC
100 1# - MAIN ENTRY--PERSONAL NAME
Personal name Nothomb, Amélie,
Dates associated with a name 1966-
Relator term autor
245 10 - TITLE STATEMENT
Title Cosmética del enemigo /
Statement of responsibility, etc. Amélie Nothomb ; traducción de Sergi Pàmies
250 ## - EDITION STATEMENT
Edition statement 2a ed.
260 ## - PUBLICATION, DISTRIBUTION, ETC.
Place of publication, distribution, etc. Barcelona :
Name of publisher, distributor, etc. Anagrama,
Date of publication, distribution, etc. 2015
300 ## - PHYSICAL DESCRIPTION
Extent 96 p.
490 ## - SERIES STATEMENT
Series statement Compactos ;
Volume/sequential designation 671
650 #4 - SUBJECT ADDED ENTRY--TOPICAL TERM
Topical term or geographic name entry element Literatura belga
Form subdivision Novelas
Chronological subdivision Siglo XXI
700 1# - ADDED ENTRY--PERSONAL NAME
Personal name Pàmies, Sergi
Relator term traductor
942 ## - ADDED ENTRY ELEMENTS (KOHA)
Source of classification or shelving scheme Universal Decimal Classification
Koha item type Obra General
Suppress in OPAC No
Existencias
Withdrawn status Lost status Source of classification or shelving scheme Damaged status Not for loan Collection Home library Current library Date acquired Total checkouts Full call number Barcode Date last seen Date last checked out Price effective from Koha item type
    Universal Decimal Classification     Colección General Biblioteca Escuela de Ciencias Sociales Biblioteca Escuela de Ciencias Sociales 21/06/2023 1 82-31(493) N912 000415 02/05/2024 19/12/2023 21/06/2023 Obra General
Biblioteca de la Escuela Preuniversitaria en Ciencias Sociales y Humanísticas.
Riobamba 250 bis.
CP 2000 - Rosario - Santa Fe
E-Mail: biblioteca@esociales.unr.edu.ar